UMBC Basketball: Top 10 All-Time Leaders - Statistics

General Stats
  • This quiz has been taken 0 times
  • The average score is 0 of 88
Answer Stats
Category # Player Amount % Correct
Rebounds 3 Andrew Feeley 648
0%
Blocks 5 Andrew Feeley 96
0%
Rebounds 6 Brandon Horvath 582
0%
Points 5 Brian Hodges 1,472
0%
Three Pointers Made 7 Brian Hodges 222
0%
Field Goal Percent 7 Brian Hodges 38.0%
0%
Games T9 Brian Hodges 116
0%
Three Pointers Made 3 Brian Neller 261
0%
Games 4 Brian Neller 120
0%
Steals 9 Brian Watkins 137
0%
Blocks 8 Cavell Johnson 70
0%
Points 7 Chase Plummer 1,307
0%
Rebounds 2 Chase Plummer 663
0%
Steals T5 Chase Plummer 157
0%
Games T7 Chase Plummer 118
0%
Assists 6 Chris De La Rosa 344
0%
Steals T10 Chris Pugh 132
0%
Games T9 Chris Pugh 116
0%
Assists 2 Dana Harris 507
0%
Steals 2 Dana Harris 180
0%
Rebounds 7 Darryl Proctor 558
0%
Field Goal Percent 2 Darryl Proctor 48.1%
0%
Points Per Game 2 Darryl Proctor 17.4
0%
Points Per Game 8 Dion Brown 14.4
0%
Blocks T9 Eugene Young 67
0%
Rebounds 5 Isaac Green 588
0%
Points 2 Jairus Lyles 1,751
0%
Steals 3 Jairus Lyles 175
0%
Three Pointers Made 8 Jairus Lyles 161
0%
Field Goal Percent 5 Jairus Lyles 44.9%
0%
Points Per Game 1 Jairus Lyles 20.4
0%
Points 9 Jay Greene 1,186
0%
Assists 1 Jay Greene 683
0%
Steals T5 Jay Greene 157
0%
Three Pointers Made 5 Jay Greene 240
0%
Games 3 Jay Greene 122
0%
Blocks 7 Jim Frantz 82
0%
Points 4 Joe Sherburne 1,563
0%
Rebounds 4 Joe Sherburne 611
0%
Three Pointers Made 2 Joe Sherburne 266
0%
Field Goal Percent 4 Joe Sherburne 46.1%
0%
Games 1 Joe Sherburne 136
0%
Assists 5 Jourdan Grant 349
0%
Games 2 Jourdan Grant 129
0%
Blocks 6 Justin Fry 88
0%
Games T5 Justin Fry 119
0%
Assists 7 Justin Wilson 319
0%
Steals 8 Justin Wilson 144
0%
Points 10 Kareem Washington 1,148
0%
Steals T10 Kareem Washington 132
0%
Games T7 Kareem Washington 118
0%
Points 6 Kennedy Okafor 1,319
0%
Rebounds 1 Kennedy Okafor 985
0%
Blocks 4 Kennedy Okafor 103
0%
Field Goal Percent 1 Kennedy Okafor 50.1%
0%
Rebounds 9 Kenny Reynolds 525
0%
Points Per Game 3 Kenny Reynolds 17.0
0%
Blocks 2 Kerry Martin 139
0%
Assists T9 K.J. Maura 307
0%
Points 1 Larry Simmons 1,805
0%
Assists 3 Larry Simmons 413
0%
Steals 1 Larry Simmons 240
0%
Three Pointers Made 4 Larry Simmons 250
0%
Field Goal Percent 3 Larry Simmons 47.4%
0%
Points Per Game 4 Larry Simmons 16.1
0%
Three Pointers Made 10 L.J. Owens 152
0%
Assists 8 Mark Lay 309
0%
Games T5 Matt Spadafora 119
0%
Blocks T9 Max Lorca-Lloyd 67
0%
Rebounds 10 Michael Housman 512
0%
Blocks 1 Pascal Fleury 204
0%
Points Per Game 5 Peter Mulligan 15.7
0%
Assists 4 Rob Gogerty 385
0%
Steals 7 Roger Gogerty 151
0%
Points Per Game 10 Ryan Cook 14.1
0%
Points 8 Skip Saunders 1,228
0%
Three Pointers Made 6 Skip Saunders 231
0%
Rebounds 8 Sonique Nixon 554
0%
Blocks 3 Sonique Nixon 107
0%
Points Per Game 9 Sonique Nixon 14.1
0%
Points 3 Terence Ward 1,692
0%
Assists T9 Terence Ward 307
0%
Steals 4 Terence Ward 165
0%
Three Pointers Made 1 Terence Ward 296
0%
Field Goal Percent 6 Terence Ward 39.2%
0%
Points Per Game 6 Terence Ward 14.8
0%
Points Per Game 7 Tony Thompson 14.6
0%
Three Pointers Made 9 Will Darley 158
0%
No matching quizzes found
Score Distribution
Percent of People with Each Score
Percentile by Number Answered
Your Score History
You have not taken this quiz